00852nam a2200253Ia 450000500170000000800410001702000150005804100080007308200200008110000250010124500560012625000220018226400440020430000250024833600270027333700330030033800280033349000560036160000300041765000470044765000460049465100230054004000350056320220316235407.0121119s1996 ck gr 000 0 spa  a95860166170 aspa04a923.8021bW34d11 aDeas, Malcom,d1941-10aVida y opiniones de Mr. William WillscMalcolm Deas aPrimera edición 1aBogotábBanco de la Repúblicac1996 a303 páginasc23 cm atextobtxt2rdacontent asin mediaciónbn2rdamedia avolumenbnc2rdacarrier0 aColección bibliográfica Banco de la República14aWills, Williamd1805-1875142LEMBaComercianteszColombiavBiografías142LEMBaCondiciones económicas zColombia 4aColombiaxHistoria aCO-BoRNBPbspaerdacCO-BoRNBP